All Hamilton Songs - Statistics

General Stats
  • This quiz has been taken 46 times
  • The average score is 36 of 45
Answer Stats
Answer % Correct
Alexander Hamilton
94%
Aaron Burr, Sir
89%
My Shot
89%
Stay Alive
89%
Stay Alive (Reprise)
89%
The Schuyler Sisters
89%
The Story of Tonight
89%
Satisfied
86%
The Story of Tonight (Reprise)
86%
You'll Be Back
86%
Cabinet Battle #1
83%
Guns and Ships
83%
Helpless
83%
Non-Stop
83%
Say No To This
83%
Wait For It
83%
What'd I Miss
83%
Who Lives, Who Dies, Who Tells Your Story
83%
A Winter's Ball
80%
Burn
80%
Cabinet Battle #2
80%
Dear Theodosia
80%
History Has its Eyes on You
80%
I Know Him
80%
Meet Me Inside
80%
Right Hand Man
80%
Ten Duel Commandments
80%
Take a Break
77%
The Reynolds Pamphlet
77%
Yorktown (The World Turned Upside Down)
77%
Farmer Refuted
74%
We Know
74%
What Comes Next?
74%
Hurricane
71%
It's Quiet Uptown
71%
One Last Time
71%
That Would Be Enough
71%
The Adams Administration
71%
Blow Us All Away
69%
Schuyler Defeated
69%
The Election of 1800
69%
The World Was Wide Enough
69%
Washington On Your Side
69%
Your Obedient Servant
69%
The Room Where it Happened
66%
No matching quizzes found
Score Distribution
Percent of People with Each Score
Percentile by Number Answered
Your Score History
You have not taken this quiz